|
|
|
|
| LEADER |
00000nas a2200000 a 4500 |
| 001 |
ssj0009338 |
| 003 |
WaSeSS |
| 005 |
20200512172242.0 |
| 006 |
m d |
| 007 |
cr n |
| 008 |
990510c19509999cauar ss 0 a0eng c |
| 010 |
|
|
|a 2003215288
|
| 016 |
7 |
|
|a (AMICUS)43575007
|2 CaOONL
|
| 016 |
7 |
|
|a 1481484 -5
|2 DE-600
|
| 022 |
|
|
|a 1545-326X
|l 0066-4219
|y 0066-4219
|
| 035 |
|
|
|a (WaSeSS)ssj0009338
|
| 037 |
|
|
|b Annual Reviews, 4139 El Camino Way, P.O. Box 10139, Palo Alto, CA 94303-0139
|
| 040 |
|
|
|a TMC
|b eng
|c TMC
|d EYM
|d RCE
|d OCLCQ
|d NSD
|d OCLCQ
|d UV$
|d SBH
|d OCLCS
|d LGG
|d OCLCQ
|d OCLCF
|d OCLCO
|d EUW
|d OCLCO
|d OCLCQ
|d GZN
|d WT2
|d OCLCO
|d NLC
|d OCLCA
|d BRK
|d CSU
|d UAB
|d LIP
|d XFH
|d DHU
|d OSU
|d BUF
|d OCLCO
|d VT2
|d OCLCQ
|d U3W
|d AU@
|d OCLCO
|d WYU
|d OCLCO
|d OCLCA
|d NZHMA
|d OCLCO
|d NJT
|d OCLCQ
|d OCLCO
|d SFB
|d CNMTR
|d CUI
|d WaSeSS
|
| 042 |
|
|
|a nsdp
|a pcc
|
| 050 |
1 |
4 |
|a R5
|
| 060 |
0 |
0 |
|a W1
|b AN773
|
| 082 |
1 |
0 |
|a 610
|2 13
|
| 210 |
0 |
|
|a Annu. rev. med.
|b (Online)
|
| 222 |
|
0 |
|a Annual review of medicine
|b (Online)
|
| 245 |
0 |
0 |
|a Annual review of medicine
|h [electronic resource].
|
| 260 |
|
|
|a Palo Alto, Calif. :
|b Annual Reviews
|
| 310 |
|
|
|a Annual
|
| 362 |
1 |
|
|a Print began in 1950.
|
| 506 |
|
|
|a License restrictions may limit access.
|
| 588 |
0 |
|
|a Vol. 1 (1950); title from title screen of HTML (viewed June 27, 2003).
|
| 588 |
1 |
|
|a Vol. 71 (2020) (annualreviews.org, viewed May 4, 2020).
|
| 650 |
|
0 |
|a Medicine
|v Periodicals.
|
| 650 |
|
2 |
|a Medicine.
|
| 650 |
|
7 |
|a Medicine.
|2 fast
|0 (OCoLC)fst01014893
|
| 650 |
|
7 |
|a Health & Medicine (General)
|2 ebps
|
| 655 |
|
0 |
|a Electronic journals.
|
| 776 |
0 |
8 |
|i Print version:
|t Annual review of medicine
|x 0066-4219
|w (DLC)sn 84000768
|w (OCoLC)1481504
|
| 856 |
4 |
0 |
|z Full text available from Research Library: 01/01/1998 to 02/28/2005
|u https://search.proquest.com/publication/24900
|